[Event "Makroregion KP-PO D13"]
[Site "Jastrzebia Gora"]
[Date "2013.??.??"]
[Round "1.1"]
[White "Wloch, Dominika"]
[Black "Borkowska, Zuzanna"]
[Result "0-1"]
[WhiteElo "1198"]
[BlackElo "1316"]
[PlyCount "96"]
[EventDate "2013.??.??"]

1. d4 d5 2. c4 e6 3. Nc3 Nf6 4. Bg5 Be7 5. e3 O-O 6. Nf3 Nbd7 7. Bd3 dxc4 8.
Bxc4 b6 9. Qe2 c5 10. O-O h6 11. Bh4 Bb7 12. Rfe1 Ne4 13. Bxe7 Nxc3 14. bxc3
Bxf3 15. Qxf3 Qxe7 16. Ba6 e5 17. Qb7 Qd6 18. Rad1 Qe6 19. d5 Qe7 20. Bb5 Rfd8
21. c4 Qd6 22. Bc6 Nf6 23. Qa6 Rac8 24. e4 Rxc6 25. Qa4 Rc7 26. f4 Rcd7 27.
fxe5 Qxe5 28. Qc6 Ng4 29. g3 Qh5 30. Rd2 Ne5 31. g4 Qxg4+ 32. Rg2 Qxg2+ 33.
Kxg2 Nxc6 34. dxc6 Rc7 35. e5 Rxc6 36. a4 Re6 37. Re2 Rde8 38. Rd2 Rxe5 39. Rd7
Re4 40. Rxa7 Rxc4 41. Ra6 Rb4 42. a5 Re2+ 43. Kf3 Ra2 44. Rxb6 Rxb6 45. axb6
Rb2 46. Ke3 Rxb6 47. Kd3 f5 48. Ke3 g5 0-1

[Event "Makroregion KP-PO D13"]
[Site "Jastrzebia Gora"]
[Date "2013.??.??"]
[Round "1.3"]
[White "Borsuk, Aleksandra"]
[Black "Zalewska, Katarzyna"]
[Result "0-1"]
[WhiteElo "1219"]
[BlackElo "1319"]
[PlyCount "58"]
[EventDate "2013.??.??"]

1. e4 e5 2. Nf3 Nc6 3. Bc4 Bc5 4. c3 Nf6 5. d4 exd4 6. cxd4 Bb4+ 7. Bd2 Bxd2+
8. Nbxd2 d5 9. exd5 Nxd5 10. O-O O-O 11. Re1 Nce7 12. Bxd5 Nxd5 13. Re5 c6 14.
Qc2 h6 15. Ne4 Bg4 16. Ned2 f6 17. Re4 Bf5 18. Nh4 Bxe4 19. Qxe4 Qe7 20. Qg6
Qe8 21. Qg3 Qb8 22. Qg6 Qf4 23. Nf5 Qg5 24. Qxg5 fxg5 25. g4 Nf4 26. Ne7+ Kh7
27. Re1 Nd3 28. Re3 Nxf2 29. h3 Rae8 0-1

[Event "Makroregion KP-PO D13"]
[Site "Jastrzebia Gora"]
[Date "2013.??.??"]
[Round "2.1"]
[White "Borkowska, Zuzanna"]
[Black "Zalewska, Katarzyna"]
[Result "1/2-1/2"]
[WhiteElo "1316"]
[BlackElo "1319"]
[PlyCount "92"]
[EventDate "2013.??.??"]

1. e4 e5 2. Nf3 Nc6 3. Bb5 d6 4. c3 a6 5. Ba4 b5 6. Bc2 Bg4 7. h3 Bxf3 8. Qxf3
Qf6 9. Qxf6 Nxf6 10. d3 d5 11. Bg5 dxe4 12. dxe4 Nd7 13. O-O h6 14. Be3 Bc5 15.
Bxc5 Nxc5 16. Nd2 b4 17. cxb4 Nxb4 18. Bb3 O-O 19. a3 Nxb3 20. Nxb3 Nd3 21.
Rab1 Rab8 22. Na5 Rxb2 23. Rxb2 Nxb2 24. Rc1 Rc8 25. Nc6 Re8 26. Nb4 Re7 27.
Nxa6 Re8 28. Nxc7 Rc8 29. Rb1 Nc4 30. Nb5 Rb8 31. Nc3 Ra8 32. a4 Nd6 33. Rb6
Rc8 34. Rxd6 Rxc3 35. f3 Rc5 36. Rd5 Rc1+ 37. Kh2 f6 38. a5 Rc6 39. Rd2 Ra6 40.
Ra2 Kf7 41. Kg3 Ke6 42. f4 g6 43. h4 f5 44. exf5+ Kxf5 45. fxe5 Kxe5 46. Kf3
Kd5 1/2-1/2

[Event "Makroregion KP-PO D13"]
[Site "Jastrzebia Gora"]
[Date "2013.??.??"]
[Round "2.3"]
[White "Wloch, Dominika"]
[Black "Kindler, Karolina"]
[Result "0-1"]
[WhiteElo "1198"]
[BlackElo "1404"]
[PlyCount "122"]
[EventDate "2013.??.??"]

1. e4 e5 2. Nf3 Nc6 3. d4 exd4 4. Bc4 Bc5 5. c3 dxc3 6. Bxf7+ Kxf7 7. Qd5+ Ke8
8. Qxc5 Qe7 9. Qxe7+ Ngxe7 10. Nxc3 d6 11. h3 Be6 12. O-O Kd7 13. Ng5 Bc4 14.
Rd1 Raf8 15. b3 Bf7 16. Bb2 h6 17. Nf3 Kc8 18. Nd5 Rhg8 19. Nxe7+ Nxe7 20. Rac1
Kb8 21. e5 dxe5 22. Nxe5 Be6 23. Ba3 Re8 24. Nd7+ Bxd7 25. Rxd7 Nc6 26. Rd2 Rd8
27. Rxd8+ Rxd8 28. Rc2 Nd4 29. Rc4 Ne2+ 30. Kf1 Nd4 31. Bb2 Ne6 32. Re4 Rd6 33.
f4 g6 34. g4 Kc8 35. f5 gxf5 36. gxf5 Ng5 37. Re3 Rd2 38. Bf6 Rd5 39. Re8+ Kd7
40. Rd8+ Kc6 41. Rxd5 Kxd5 42. h4 Ne4 43. Bg7 h5 44. f6 Ke6 45. f7 Kxf7 46. Be5
c6 47. Bb8 a6 48. Bc7 Ke6 49. Bb6 Nc3 50. a4 Na2 51. a5 Nc1 52. b4 Nd3 53. Ke2
Nxb4 54. Kf2 Nd5 55. Bd4 Kf5 56. Kf3 Nf4 57. Be3 Ng6 58. Bg5 Ne5+ 59. Ke3 Nc4+
60. Kd4 Nxa5 61. Kc5 b5 0-1

[Event "Makroregion KP-PO D13"]
[Site "Jastrzebia Gora"]
[Date "2013.??.??"]
[Round "3.1"]
[White "Kindler, Karolina"]
[Black "Borkowska, Zuzanna"]
[Result "1-0"]
[WhiteElo "1404"]
[BlackElo "1316"]
[PlyCount "139"]
[EventDate "2013.??.??"]

1. e4 c5 2. Nf3 Nc6 3. d4 cxd4 4. Nxd4 g6 5. c4 Bg7 6. Be3 d6 7. Nc3 Nf6 8. Be2
Bd7 9. O-O O-O 10. Qd2 a6 11. Rac1 Rc8 12. Rfd1 Ne5 13. b3 Qe8 14. f3 Nc6 15.
Nxc6 Bxc6 16. Nd5 Nxd5 17. cxd5 Bd7 18. Rxc8 Qxc8 19. Rc1 Qd8 20. Qb4 b5 21. a4
a5 22. Qa3 b4 23. Qa2 Qb8 24. Qc2 Rc8 25. Qd2 Rxc1+ 26. Qxc1 Bc3 27. Bd2 Qc7
28. Bxc3 Qxc3 29. Qxc3 bxc3 30. Bd3 e6 31. dxe6 Bxe6 32. Bc2 f5 33. Kf2 fxe4
34. fxe4 d5 35. exd5 Bxd5 36. g3 Kf7 37. Ke3 Ke6 38. Kd4 Kd6 39. Kxc3 Kc5 40.
Bd3 Bf3 41. Bc4 h5 42. h4 Be4 43. Bd3 Bxd3 44. Kxd3 Kd5 45. Ke3 Ke5 46. Kf3 Kf5
47. g4+ hxg4+ 48. Kg3 Ke5 49. Kxg4 Ke6 50. Kg5 Kf7 51. Kf4 Kf6 52. Ke4 Ke6 53.
Kd4 Kf5 54. Kc5 Kg4 55. b4 axb4 56. Kxb4 Kxh4 57. a5 g5 58. a6 g4 59. a7 g3 60.
a8=Q Kh3 61. Qh1+ Kg4 62. Qg2 Kf4 63. Kc4 Kg4 64. Kd4 Kf4 65. Kd3 Kg4 66. Ke4
Kh4 67. Kf4 Kh5 68. Qxg3 Kh6 69. Qg8 Kh5 70. Qg5# 1-0

[Event "Makroregion KP-PO D13"]
[Site "Jastrzebia Gora"]
[Date "2013.??.??"]
[Round "3.2"]
[White "Borsuk, Aleksandra"]
[Black "Wloch, Dominika"]
[Result "0-1"]
[WhiteElo "1219"]
[BlackElo "1198"]
[PlyCount "90"]
[EventDate "2013.??.??"]

1. e4 c6 2. d4 d5 3. exd5 cxd5 4. Bd3 Nc6 5. Bb5 Bd7 6. Bf4 Nf6 7. Nf3 e6 8.
O-O Be7 9. Re1 O-O 10. Nc3 Qb6 11. Bxc6 Bxc6 12. Rb1 Bb4 13. Qd3 Ne4 14. Nd2
Nxd2 15. Qxd2 g6 16. Bh6 Rfe8 17. Bg5 Rac8 18. Bf6 Bf8 19. h4 Bg7 20. Qf4 Qc7
21. Qf3 Bxf6 22. Qxf6 Qe7 23. Qf4 f6 24. h5 e5 25. Qg3 Qg7 26. dxe5 fxe5 27.
hxg6 hxg6 28. Qf3 e4 29. Qg4 Rc7 30. Re2 b5 31. Rd1 Qf7 32. a3 Rce7 33. Red2 e3
34. fxe3 Rxe3 35. Rd3 Re1+ 36. Rxe1 Rxe1+ 37. Kh2 Bd7 38. Qg3 Qh7+ 39. Qh3 Bxh3
40. Rxh3 Qc7+ 41. Rg3 Re3 42. Ne2 Rxe2 43. Kh3 Qh7+ 44. Kg4 Qh5+ 45. Kf4 Re4#
0-1

[Event "Makroregion KP-PO D13"]
[Site "Jastrzebia Gora"]
[Date "2013.??.??"]
[Round "4.2"]
[White "Wloch, Dominika"]
[Black "Zalewska, Katarzyna"]
[Result "0-1"]
[WhiteElo "1198"]
[BlackElo "1319"]
[PlyCount "70"]
[EventDate "2013.??.??"]

1. e4 e5 2. Nf3 Nc6 3. d4 exd4 4. Bc4 Nge7 5. Ng5 Ne5 6. Qxd4 Nxc4 7. Qxc4 d5
8. exd5 Qxd5 9. Qxd5 Nxd5 10. O-O h6 11. Nf3 Nb4 12. Na3 Be6 13. Nd4 Bd7 14. c3
Na6 15. Bf4 O-O-O 16. Nac2 Nc5 17. b4 Ne4 18. c4 Ba4 19. Rfe1 Nf6 20. Re3 Bxb4
21. Nxb4 Rxd4 22. Ra3 Rhd8 23. h3 Rxf4 24. Rxa4 Rxc4 25. Rxa7 c5 26. Ra8+ Kc7
27. Rxd8 Kxd8 28. Rd1+ Kc7 29. Nd3 Rd4 30. Nb2 Rxd1+ 31. Nxd1 Nd5 32. Nb2 b5
33. Nd3 Kd6 34. Kh2 c4 35. Nb4 Nxb4 0-1

[Event "Makroregion KP-PO D13"]
[Site "Jastrzebia Gora"]
[Date "2013.??.??"]
[Round "4.3"]
[White "Kindler, Karolina"]
[Black "Borsuk, Aleksandra"]
[Result "1-0"]
[WhiteElo "1404"]
[BlackElo "1219"]
[PlyCount "57"]
[EventDate "2013.??.??"]

1. e4 e6 2. d4 d5 3. exd5 exd5 4. Bd3 Nc6 5. c3 Bd6 6. Ne2 Nf6 7. Bf4 Bxf4 8.
Nxf4 Qe7+ 9. Ne2 O-O 10. O-O Bg4 11. Re1 Rfe8 12. h3 Bh5 13. Nd2 Qe6 14. Qb3
Na5 15. Qa4 b6 16. b4 Nc4 17. Bxc4 dxc4 18. Nf4 Qf5 19. Nxh5 Qxh5 20. Rxe8+
Nxe8 21. Qc6 Rd8 22. Nxc4 f6 23. Re1 Qg6 24. Re7 Kf8 25. Qe6 Nd6 26. Rxc7 Qg5
27. Qe7+ Kg8 28. Qxd8+ Ne8 29. Qxe8# 1-0

[Event "Makroregion KP-PO D13"]
[Site "Jastrzebia Gora"]
[Date "2013.??.??"]
[Round "5.1"]
[White "Borsuk, Aleksandra"]
[Black "Borkowska, Zuzanna"]
[Result "1-0"]
[WhiteElo "1219"]
[BlackElo "1316"]
[PlyCount "73"]
[EventDate "2013.??.??"]

1. e4 c5 2. Nf3 Nc6 3. d4 cxd4 4. Nxd4 g6 5. Nxc6 bxc6 6. Nc3 Bg7 7. Qf3 e6 8.
Bc4 Ne7 9. Bg5 d5 10. exd5 cxd5 11. Bb5+ Bd7 12. Bxd7+ Qxd7 13. Bf6 O-O 14.
Bxg7 Kxg7 15. O-O Nf5 16. Rad1 Qb7 17. b3 Rac8 18. Rc1 Qb4 19. Ne2 Qa3 20. Rfe1
Qxa2 21. Ra1 Qxc2 22. Rxa7 Rb8 23. Ra3 Qb2 24. Rea1 Ra8 25. Rxa8 Rxa8 26. Rf1
Rb8 27. Nc1 Nd4 28. Qf4 Qxc1 29. Qxd4+ e5 30. Qxe5+ f6 31. Qe7+ Kh6 32. Rxc1
Rxb3 33. Qxf6 Rb5 34. Qf4+ Kh5 35. g4+ Kh4 36. g5+ Kh3 37. Qg3# 1-0

[Event "Makroregion KP-PO D13"]
[Site "Jastrzebia Gora"]
[Date "2013.??.??"]
[Round "5.2"]
[White "Zalewska, Katarzyna"]
[Black "Kindler, Karolina"]
[Result "0-1"]
[WhiteElo "1319"]
[BlackElo "1404"]
[PlyCount "47"]
[EventDate "2013.??.??"]

1. d4 d5 2. Bf4 Nf6 3. e3 e6 4. c4 b6 5. Nc3 Bb7 6. Nb5 Bb4+ 7. Nc3 Bd6 8. Bxd6
Qxd6 9. cxd5 Nxd5 10. Nb5 Qb4+ 11. Qd2 Qxd2+ 12. Kxd2 a6 13. Nc3 Nxc3 14. Kxc3
O-O 15. Rc1 Nd7 16. Kd2 c5 17. dxc5 Nxc5 18. Ne2 Rfd8+ 19. Ke1 Nd3+ 20. Kd2
Nxc1+ 21. Kxc1 Rac8+ 22. Nc3 b5 23. f3 b4 24. Kc2 {(...57)} 0-1

[Event "Makroregion KP-PO D13"]
[Site "Jastrzebia Gora"]
[Date "2013.??.??"]
[Round "6.1"]
[White "Borkowska, Zuzanna"]
[Black "Wloch, Dominika"]
[Result "1/2-1/2"]
[WhiteElo "1316"]
[BlackElo "1198"]
[PlyCount "46"]
[EventDate "2013.??.??"]

1. e4 e5 2. Nf3 Nc6 3. Bb5 Bc5 4. c3 Nf6 5. d4 exd4 6. cxd4 Bb4+ 7. Bd2 Bxd2+
8. Nbxd2 d5 9. e5 Ne4 10. h3 Bf5 11. O-O O-O 12. Bxc6 bxc6 13. b4 Rb8 14. a3
Nc3 15. Qb3 Ne4 16. Qe3 Nxd2 17. Nxd2 f6 18. f4 fxe5 19. fxe5 Qh4 20. Qf4 Qh5
21. g4 Qg6 22. Qg3 Bd3 23. Rxf8+ Rxf8 1/2-1/2

[Event "Makroregion KP-PO D13"]
[Site "Jastrzebia Gora"]
[Date "2013.??.??"]
[Round "6.3"]
[White "Zalewska, Katarzyna"]
[Black "Borsuk, Aleksandra"]
[Result "1/2-1/2"]
[WhiteElo "1319"]
[BlackElo "1219"]
[PlyCount "46"]
[EventDate "2013.??.??"]

1. d4 Nf6 2. Bf4 g6 3. e3 Bg7 4. c4 O-O 5. Nc3 d6 6. Nf3 c6 7. Be2 Nbd7 8. h3
Qe8 9. Qc2 Nh5 10. Bh2 e5 11. dxe5 dxe5 12. Nd2 Nhf6 13. g4 h6 14. O-O-O Qe7
15. a3 b6 16. Bf3 Bb7 17. Nde4 Nxe4 18. Nxe4 Nc5 19. Nd6 Rad8 20. Nxb7 Qxb7 21.
b4 Ne6 22. Qe4 Rc8 23. b5 Qe7 1/2-1/2

[Event "Makroregion KP-PO D13"]
[Site "Jastrzebia Gora"]
[Date "2013.??.??"]
[Round "7.1"]
[White "Zalewska, Katarzyna"]
[Black "Borkowska, Zuzanna"]
[Result "1/2-1/2"]
[WhiteElo "1319"]
[BlackElo "1316"]
[PlyCount "65"]
[EventDate "2013.??.??"]

1. d4 d5 2. Bf4 Nf6 3. e3 e6 4. c4 Bb4+ 5. Nc3 Ne4 6. Qb3 c5 7. dxc5 dxc4 8.
Qa4+ Nc6 9. Qc2 Bxc3+ 10. bxc3 Nxc5 11. Bxc4 e5 12. Bg3 O-O 13. Ne2 Qf6 14. e4
Be6 15. Bxe6 Qxe6 16. O-O Qc4 17. f3 Nd4 18. Nxd4 exd4 19. Rac1 Qxc3 20. Qxc3
dxc3 21. Rxc3 Ne6 22. Rb1 b6 23. Rd1 h6 24. Rcd3 Rfd8 25. Rxd8+ Rxd8 26. Rxd8+
Nxd8 27. Kf2 Kf8 28. Ke2 Ke8 29. Kd3 Kd7 30. Be5 g6 31. Kc4 Kc6 32. a4 Ne6 33.
Bc3 1/2-1/2

[Event "Makroregion KP-PO D13"]
[Site "Jastrzebia Gora"]
[Date "2013.??.??"]
[Round "7.3"]
[White "Kindler, Karolina"]
[Black "Wloch, Dominika"]
[Result "0-1"]
[WhiteElo "1404"]
[BlackElo "1198"]
[PlyCount "82"]
[EventDate "2013.??.??"]

1. e4 e5 2. Nf3 Nc6 3. Bc4 Nf6 4. Nc3 Nxe4 5. Nxe4 d5 6. Bb5 dxe4 7. Bxc6+ bxc6
8. Nxe5 Qg5 9. Nxc6 Qxg2 10. Rf1 Bg4 11. f3 Bxf3 12. Rxf3 exf3 13. Qxf3 Qxf3
14. Nd4 Qe4+ 15. Ne2 Bc5 16. d3 Qh4+ 17. Kd1 Qxh2 18. Bd2 Qh1+ 19. Be1 Bf2 20.
Kd2 Bxe1+ 21. Rxe1 Qh6+ 22. Kd1 Qa6 23. Nc3+ Kd8 24. a3 Re8 25. Rxe8+ Kxe8 26.
Nd5 Qc6 27. Nb4 Qh1+ 28. Kd2 h5 29. Na6 Qh2+ 30. Kc3 Qe5+ 31. d4 Qg3+ 32. Kc4
h4 33. Nc5 h3 34. Ne4 Qf4 35. Nc3 h2 36. Nd5 Qd6 37. Nxc7+ Qxc7+ 38. Kd3 h1=Q
39. c4 Qf1+ 40. Kd2 Qcxc4 41. Ke3 Qcd3# 0-1

[Event "Makroregion KP-PO D13"]
[Site "Jastrzebia Gora"]
[Date "2013.??.??"]
[Round "8.1"]
[White "Borkowska, Zuzanna"]
[Black "Kindler, Karolina"]
[Result "1/2-1/2"]
[WhiteElo "1316"]
[BlackElo "1404"]
[PlyCount "104"]
[EventDate "2013.??.??"]

1. e4 e5 2. Nf3 Nc6 3. d4 exd4 4. Nxd4 Bc5 5. Nb3 Bb6 6. a4 a5 7. Nc3 Nf6 8.
Bg5 h6 9. Bh4 g5 10. Bg3 d6 11. Bd3 Bg4 12. f3 Be6 13. Nd2 Qd7 14. Bb5 O-O-O
15. Qe2 Nh5 16. Bf2 Nf4 17. Qf1 f5 18. Bxb6 cxb6 19. O-O-O Qc7 20. Bxc6 bxc6
21. g3 Ng6 22. exf5 Bxf5 23. Qa6+ Qb7 24. Qxb7+ Kxb7 25. Nb3 Rhf8 26. Nd4 Bh3
27. Rhe1 c5 28. Ne6 Bxe6 29. Rxe6 Ne5 30. f4 gxf4 31. gxf4 Nf7 32. Nb5 d5 33.
Re7+ Kb8 34. Nc7 Rd6 35. Nxd5 Nh8 36. f5 Rxf5 37. Re8+ Kb7 38. Rxh8 Rfxd5 39.
Rxd5 Rxd5 40. Rxh6 Rd4 41. b3 c4 42. Kb2 cxb3 43. cxb3 Rd5 44. h4 b5 45. axb5
Rxb5 46. Ka3 Rb4 47. Rh7+ Kb6 48. Rh8 Kb7 49. h5 Rh4 50. h6 Kc7 51. Ra8 Rxh6
52. Rxa5 Kb6 1/2-1/2

[Event "Makroregion KP-PO D13"]
[Site "Jastrzebia Gora"]
[Date "2013.??.??"]
[Round "8.2"]
[White "Wloch, Dominika"]
[Black "Borsuk, Aleksandra"]
[Result "0-1"]
[WhiteElo "1198"]
[BlackElo "1219"]
[PlyCount "44"]
[EventDate "2013.??.??"]

1. e4 e6 2. d4 d5 3. exd5 exd5 4. Bd3 Bd6 5. Nc3 c6 6. Nge2 Ne7 7. Be3 Nf5 8.
Bxf5 Bxf5 9. Qd2 Bb4 10. O-O-O Nd7 11. f3 Nb6 12. Qe1 O-O 13. g4 Qe7 14. Bf4
Bg6 15. h4 f6 16. Qg3 Qd8 17. Rdg1 Be7 18. g5 fxg5 19. Bxg5 Bxg5+ 20. hxg5 Qe7
21. Nf4 Qe3+ 22. Kb1 Qxf4 0-1

[Event "Makroregion KP-PO D13"]
[Site "Jastrzebia Gora"]
[Date "2013.??.??"]
[Round "9.2"]
[White "Zalewska, Katarzyna"]
[Black "Wloch, Dominika"]
[Result "1-0"]
[WhiteElo "1319"]
[BlackElo "1198"]
[PlyCount "101"]
[EventDate "2013.??.??"]

1. d4 f5 2. Bf4 Nf6 3. e3 g6 4. c4 Bg7 5. Nc3 O-O 6. h3 d6 7. Nf3 e6 8. c5 Qe7
9. cxd6 cxd6 10. Rc1 a6 11. Qb3 h6 12. Nd2 g5 13. Bh2 h5 14. Qb4 Rd8 15. Nc4
Ne8 16. Be2 g4 17. hxg4 hxg4 18. f3 Nc6 19. Qb3 Qh4+ 20. g3 Qh3 21. Bf1 Qh6 22.
f4 Bxd4 23. exd4 Nxd4 24. Qb6 Nf3+ 25. Ke2 Rd7 26. Qf2 Rc7 27. Nd2 Nxd2 28.
Kxd2 Nf6 29. Bd3 e5 30. Na4 Rxc1 31. Rxc1 e4 32. Bc4+ d5 33. Bb3 Be6 34. Nb6
Rd8 35. Bg1 e3+ 36. Qxe3 Ne4+ 37. Kc2 d4 38. Bxe6+ Qxe6 39. Qb3 d3+ 40. Kd1
Qxb3+ 41. axb3 Nxg3 42. Rc8 Rxc8 43. Nxc8 Ne2 44. Be3 g3 45. Ne7+ Kf7 46. Nxf5
g2 47. Nd6+ Ke7 48. Nxb7 Nxf4 49. Kd2 Nd5 50. Bg1 Nf4 51. Nc5 1-0

[Event "Makroregion KP-PO D13"]
[Site "Jastrzebia Gora"]
[Date "2013.??.??"]
[Round "9.3"]
[White "Borsuk, Aleksandra"]
[Black "Kindler, Karolina"]
[Result "0-1"]
[WhiteElo "1219"]
[BlackElo "1404"]
[PlyCount "68"]
[EventDate "2013.??.??"]

1. e4 e5 2. Nf3 Nc6 3. Bc4 Bc5 4. c3 Nf6 5. d4 exd4 6. e5 d5 7. Bb5 Nd7 8. Bxc6
bxc6 9. cxd4 Bb4+ 10. Bd2 Bxd2+ 11. Nbxd2 O-O 12. O-O c5 13. Nb3 cxd4 14. Nbxd4
Bb7 15. e6 Nc5 16. Ng5 Qxg5 17. Re1 Nxe6 18. Nxe6 fxe6 19. Rxe6 Rfe8 20. Qe1
Qd8 21. Qe5 Rxe6 22. Qxe6+ Kh8 23. Re1 d4 24. Qe2 d3 25. Qd2 Qd5 26. f3 Rd8 27.
Kf2 Qxa2 28. Re3 Qc4 29. g3 Qc5 30. Kg2 Qc2 31. Rxd3 Qxd2+ 32. Rxd2 Rxd2+ 33.
Kh3 Rxb2 34. f4 a5 0-1

[Event "Makroregion KP-PO D13"]
[Site "Jastrzebia Gora"]
[Date "2013.??.??"]
[Round "10.1"]
[White "Borkowska, Zuzanna"]
[Black "Borsuk, Aleksandra"]
[Result "1/2-1/2"]
[WhiteElo "1316"]
[BlackElo "1219"]
[PlyCount "63"]
[EventDate "2013.??.??"]

1. e4 e6 2. d4 d5 3. e5 c5 4. c3 Nc6 5. Nf3 Qb6 6. Be2 cxd4 7. cxd4 Nh6 8. Nc3
Nf5 9. Na4 Bb4+ 10. Bd2 Qa5 11. Bc3 b5 12. a3 Bxc3+ 13. Nxc3 b4 14. axb4 Qxb4
15. Bb5 Bd7 16. Bxc6 Bxc6 17. Qd2 Rb8 18. Rxa7 Qxb2 19. Qxb2 Rxb2 20. O-O O-O
21. Rb1 Rxb1+ 22. Nxb1 h6 23. h3 Ra8 24. Rxa8+ Bxa8 25. Na3 Kf8 26. Nb5 Ke7 27.
Kf1 f6 28. exf6+ gxf6 29. Ke2 Bb7 30. g4 Ba6 31. gxf5 Bxb5+ 32. Ke3 1/2-1/2

[Event "Makroregion KP-PO D13"]
[Site "Jastrzebia Gora"]
[Date "2013.??.??"]
[Round "10.2"]
[White "Kindler, Karolina"]
[Black "Zalewska, Katarzyna"]
[Result "1/2-1/2"]
[WhiteElo "1404"]
[BlackElo "1319"]
[PlyCount "61"]
[EventDate "2013.??.??"]

1. e4 e5 2. Nf3 Nc6 3. Bc4 Bc5 4. Nc3 d6 5. d3 Nf6 6. h3 h6 7. Be3 Bb6 8. Qd2
Be6 9. Bb3 Qd7 10. O-O-O O-O-O 11. Bxb6 axb6 12. Rhe1 Bxb3 13. axb3 Rhe8 14. d4
exd4 15. Nxd4 Nxd4 16. Qxd4 Qe6 17. f3 Qe5 18. Qxe5 dxe5 19. Rxd8+ Rxd8 20. Rd1
Rxd1+ 21. Kxd1 Kd7 22. Kd2 c6 23. Na4 Kc7 24. Kd3 Nh5 25. Ke3 Nf4 26. Kf2 Ne6
27. Ke3 b5 28. Nc3 f6 29. Ne2 Kd6 30. Kd3 Nf4+ 31. Nxf4 1/2-1/2